000 00837cab a2200289 4500
001 WB3110-41
008 090401t1995 xxu||||| |||| 00| 0 eng d
035 _a(Sirsi) u22747
041 _aeng
245 _aNew inhabited bridge in London
260 _c1995
350 _a0
490 _aObserver
_v5 March 1995, 3
490 _aNew Civil Engineer
_v(1120) 16 March 1995, 10(2)
520 _aConsiders proposals, commissioned by the Peabody Trust, for a millennium project to build a new inhabited bridge in London.
650 _aBLACKFRIARS BRIDGE
650 _aBRIDGES
650 _aINHABITED BRIDGES
650 _aLONDON
650 _aMILLENNIUM COMMISSION
650 _aPEABODY TRUST
650 _aRIVER THAMES
690 _aHOUSING
690 _aPLANNING LAW AND PRACTICE
942 _n0
948 _c04/03/1997
999 _c15249
_d15249